000
00270nam a2200109Ia 4500
005
20251222144758.0
008
251222s9999||||xx |||||||||||||| ||spa||
082
_a
323.85/F34
245
0
_a
Perú:
264
_b
Federación Internacional de Derechos Humanos
942
_c
LIB
999
_c
19601
_d
19601